00575nam a2200169Ia 4500008004100000020001800041022001500059040001300074082001700087100001700104245014300121260004600264300001700310650003200327700002200359700002400381191130s2005##################000#0#eng## a9780231134576 a2004061754 aACLcACL a895.1352 SHI aShi, Shuqing aCity of the queen : a novel of colonial Hong KongcShih Shu-ching ; translated from the Chinese by Sylvia Li-chun Lin and Howard Goldblatt aNew YorkbColumbia University Pressc2005 a302 p. 18 cm aHong Kong (China) - Fiction aGoldblatt, Howard aLin, Sylvia Li-chun